| 000 | 00965nam a2200289 i 4500 | ||
|---|---|---|---|
| 003 | EG-ScBUE | ||
| 005 | 20231109154125.0 | ||
| 008 | 170615s2001 ua f b 000 0cara d | ||
| 017 | _a2001 / 5720 | ||
| 020 | _a9772811723 | ||
| 040 |
_aEG-ScBUE _bara _erda _cEG-ScBUE _dEG-ScBUE |
||
| 082 | 0 | 4 |
_222 _bخ ش ب _a920.00904 |
| 100 | 1 |
_aخشبة، سامي، _d1939- _eمؤلف. |
|
| 245 | 1 | 0 |
_aمفكرون من عصرنا / _cسامي خشبة. |
| 250 | _aالطبعة الأولى. | ||
| 264 | 1 |
_aالجيزة، مصر : _bالمكتبة الأكاديمية، _c2001. |
|
| 300 |
_a970 صفحة ؛ _c24 سم |
||
| 336 |
_2rdacontent _aنص _btxt |
||
| 337 |
_aبدون وسيط _2rdamedia _bn |
||
| 338 |
_aمجلد _bnc _2rdacarrier |
||
| 504 | _aيشتمل على إرجاعات ببليوجرافية. | ||
| 590 | _aدعاء | ||
| 650 | 7 |
_aالفلاسفة _vتراجم. _2BUEsh _928015 |
|
| 653 |
_bGGEN _cJune2017 |
||
| 655 | _vReading book | ||
| 942 | _2ddc | ||
| 999 |
_c24925 _d24897 |
||